| 000 | 01222nam0a2200337 4500 | ||
|---|---|---|---|
| 001 | RU\NLR\BIBL_A\012604894 | ||
| 005 | 20230802180449.0 | ||
| 010 |
_a978-5-907277-93-9 _92000 |
||
| 021 |
_aRU _bКН-П-21-035884 _9КН-П-21-2794 |
||
| 035 | _a(NLR Aleph) 012604894 | ||
| 090 |
_a12592808 _c12592808 |
||
| 100 | _a20210929d2021 u y0rusy50 ca | ||
| 101 | 0 | _arus | |
| 102 | _aRU | ||
| 105 | _aa|||z|||000ay | ||
| 181 | 0 |
_ai3 _baxxe |
|
| 181 | 0 |
_ab2 _bbb2e |
|
| 182 | 0 | _an | |
| 200 | 1 |
_aВорожители _fАлександр Вэй _gиллюстрации Евгении Жаде |
|
| 203 |
_aТекст _aИзображение _bвизуальные _cнепосредственные |
||
| 210 |
_aМосква _cМеждународная издательская компания "Шанс" _d2021 |
||
| 215 |
_a390, [1] с. _cил. _d20 |
||
| 333 | _a16+ | ||
| 686 | 2 | _aШ6(2=Р)8-440.4 | |
| 700 | 1 |
_aВэй _bА. _gАлександр |
|
| 702 | 1 |
_aЖаде _bЕ. И. _f1994- _gЕвгения Игоревна _3RU\NLR\AUTH\770258297 _4440 |
|
| 942 | _cBOOK | ||
| 980 | _aNB | ||